000 00551nam a2200205Ia 4500
001 14856
003 GE_BSU
008 181216s||||||||xx |||||||||||||| ||und||
040 _cGE_BSU
080 _a514(075.8)
100 _aБакельман,И.Я
245 _aВысшая геометрия.
245 _bУчебное пособие для пед. ин-тов
260 _aМосква
260 _bПросвещение.
260 _c1967
300 _a367стр.22см.
653 _aВысшая геометрия.
942 _cBK
999 _c47978
_d47978